Data structures and algorithms in java / (Record no. 300791)
[ view plain ]
| 000 -LEADER | |
|---|---|
| fixed length control field | 00583nam a2200217Ia 4500 |
| 008 - FIXED-LENGTH DATA ELEMENTS--GENERAL INFORMATION | |
| fixed length control field | 160901s9999 xx 000 0 und d |
| 020 ## - INTERNATIONAL STANDARD BOOK NUMBER | |
| International Standard Book Number | 978-9-812-53344-9 |
| 050 ## - LIBRARY OF CONGRESS CALL NUMBER | |
| Classification number | ComSc QA 76.73 |
| 050 ## - LIBRARY OF CONGRESS CALL NUMBER | |
| Item number | .P224G66 2011 |
| 100 ## - MAIN ENTRY--PERSONAL NAME | |
| Personal name | Goodrich, Michael T. |
| 245 ## - TITLE STATEMENT | |
| Title | Data structures and algorithms in java / |
| 245 ## - TITLE STATEMENT | |
| Statement of responsibility, etc | Michael T. Goodrich, Roberto Tamassia. |
| 250 ## - EDITION STATEMENT | |
| Edition statement | 5th Edition |
| 260 ## - PUBLICATION, DISTRIBUTION, ETC. (IMPRINT) | |
| Place of publication, distribution, etc | Singapore : |
| 260 ## - PUBLICATION, DISTRIBUTION, ETC. (IMPRINT) | |
| Name of publisher, distributor, etc | John Wiley and Sons Pte Ltd. |
| 260 ## - PUBLICATION, DISTRIBUTION, ETC. (IMPRINT) | |
| Date of publication, distribution, etc | 2011 |
| 300 ## - PHYSICAL DESCRIPTION | |
| Extent | 710 pages : |
| 300 ## - PHYSICAL DESCRIPTION | |
| Other physical details | ill. ; |
| 300 ## - PHYSICAL DESCRIPTION | |
| Dimensions | 23 cm. |
| 500 ## - GENERAL NOTE | |
| General note | Includes index. |
| Withdrawn status | Lost status | Damaged status | Home library | Current library | Shelving location | Date acquired | Cost, normal purchase price | Total Checkouts | Full call number | Barcode | Date last seen | Price effective from | Koha item type |
|---|---|---|---|---|---|---|---|---|---|---|---|---|---|
| South Mansfield College | South Mansfield College | 02/20/2013 | 985.00 | ComSc QA 76.73 .P224G66 2011 | SMC05854 | 09/01/2016 | 09/01/2016 |